Fast addition in 15 seconds - Statistics

General Stats
  • This quiz has been taken 48 times
  • The average score is 6 of 7
Answer Stats
Hint Answer % Correct
3+6 9
100%
45+2 47
97%
5+87 92
81%
8+6 14
78%
1+7 8
78%
4+56 60
75%
99+99 198
53%
No matching quizzes found
Score Distribution
Percent of People with Each Score
Percentile by Number Answered
Your Score History
You have not taken this quiz